MITOLOGIA GRIEGA : DIOSES Y HEROES /

محفوظ في:
التفاصيل البيبلوغرافية
المؤلف الرئيسي: Garibay K., Angel María (autor)
التنسيق: كتاب
سلاسل:"SEPAN CUANTOS" ; 31
الموضوعات:
الوسوم: إضافة وسم
لا توجد وسوم, كن أول من يضع وسما على هذه التسجيلة!

MARC

LEADER 00000nam^a2200000^a^4500
001 000247926
005 20250521000000.0
009 20260310105629.991
035 |a 010947 
037 |a Acervo Xavier Clavigero 
082 |a 292. 08  |b GAR 
100 |a Garibay K., Angel María  |e (autor) 
245 1 0 |a MITOLOGIA GRIEGA :  |b DIOSES Y HEROES /  |c ANGEL MARIA GARIBAY K 
264 |a MEXICO :  |b PORRUA,  |c 1964 
300 |a 260 p. 
336 |a texto  |b txt  |2 rdacontenido 
337 |a sin mediación  |b n  |2 rdamedio 
338 |a volumen  |b nc  |2 rdasoporte 
440 |a "SEPAN CUANTOS" ;  |v 31 
649 |a XX 
650 |a Mitología Griega 
910 |a Fondo General 
920 |a Impresos - Libros 
930 |a Colección General 
940 |a Literatura 
905 |a 101 
901 |a 010947  |b IT1  |c LIT  |i 010947  |u 20250521 
902 |a https://opac.biblio.iteso.mx/vufind/Record/000247926